000 00643nam a2200193Ia 4500
003 GCL
008 140319s9999 xx 000 0 ara d
040 _aGCL /
_cGCL
082 0 4 _aط
_b005.3
_bع ك
100 1 _aعاطف حليم
245 1 0 _aالكمبيوتر للصغار المستوى الاول: اساسيات لغة البيسك /
_cعاطف حليم
250 _aالاولى
260 _aالقاهرة :
_bشركة رحيمكو ،
_c1987
300 _a78 ص ؛
_c30سم
650 0 4 _aتعليم الاطفال
650 0 4 _aالبيسك
650 0 4 _aبرامج الحاسبات الالكترونية
942 _2ddc
_cBK
999 _c54129
_d54129